Statistiken für Deutsche Fußballvereine

Klicken Sie hier um das Quiz zu spielen!

Allgemein

  • Dieses Quiz wurde 169 mal gespielt
  • Das Durchschnittsergebnis liegt bei 37 aus 56

Antwortstatistiken

BundeslandVerein% Korrekt
Nordrhein-WestfalenBorussia Dortmund
98%
Nordrhein-WestfalenBorussia Dortmund II
98%
BayernFC Bayern München
97%
Berlin1. FC Union Berlin
94%
BerlinHertha BSC
94%
HamburgHamburger SV
91%
Baden-WürttembergVfB Stuttgart
90%
Nordrhein-Westfalen1. FC Köln
89%
NiedersachsenHannover 96
87%
BremenSV Werder Bremen
87%
HessenEintracht Frankfurt
84%
BayernFC Augsburg
84%
Rheinland-PfalzFSV Mainz 05
83%
Nordrhein-WestfalenFC Schalke 04
82%
Baden WürttembergSC Freiburg
82%
Baden WürttembergSC Freiburg II
82%
Schleswig-HolsteinHolstein Kiel
80%
SachsenRB Leipzig
80%
Nordrhein-WestfalenBorussia Mönchengladbach
78%
Nordrhein-WestfalenFortuna Düsseldorf
78%
SachsenDynamo Dresden
77%
Bayern1. FC Nürnberg
76%
Nordrhein-WestfalenBayer 04 Leverkusen
75%
HamburgFC St. Pauli
75%
Mecklenburg-VorpommernHansa Rostock
74%
Nordrhein-WestfalenVfL Bochum
74%
NiedersachsenVfL Wolfsburg
72%
HessenSV Wehen Wiesbaden
68%
Baden-WürttembergTSG 1899 Hoffenheim
68%
Sachsen-Anhalt1. FC Magdeburg
67%
Baden-WürttembergKarlsruher SC
67%
HessenSV Darmstadt 98
67%
Rheinland-Pfalz1. FC Kaiserslautern
66%
Saarland1. FC Saarbrücken
66%
Baden-Württemberg1. FC Heidenheim
65%
NiedersachsenEintracht Braunschweig
63%
BayernSpVgg Greuther Fürth
63%
Nordrhein-WestfalenRot-Weiß Essen
57%
SaarlandSV Elversberg
56%
BayernTSV 1860 München
54%
Nordrhein-WestfalenMSV Duisburg
52%
Nordrhein-WestfalenArminia Bielefeld
49%
Baden-WürttembergSV Waldhof Mannheim
47%
Nordrhein-WestfalenSC Paderborn
46%
BayernSSV Jahn Regensburg
46%
BayernFC Ingolstadt 04
45%
Nordrhein-WestfalenPreußen Münster
44%
NiedersachsenVfL Osnabrück
43%
SachsenErzgebirge Aue
40%
Sachsen-AnhaltHallescher FC
38%
Baden-WürttembergSSV Ulm 1846
36%
BayernSpVgg Unterhaching
35%
Schleswig-HolsteinVfB Lübeck
34%
Baden-WürttembergSV Sandhausen
31%
Nordrhein-WestfalenSC Verl
26%
Nordrhein-WestfalenViktoria Köln
24%

Verteilung der Resultate

Perzentil nach korrekt beantworteten Fragen

Anzahl Personen mit jedem Resultat

Ihre Resultats-Entwicklung

Sie haben dieses Quiz noch nicht gespielt